| 000 | 00846nam a2200205 a 4500 | ||
|---|---|---|---|
| 008 | 101119s2010 ||||||||||||||||| || u | ||
| 020 | _a9781906387853 | ||
| 050 | _aCODESRIA(02) | ||
| 100 | _aAbdul-Raheem, Tajudeen | ||
| 245 | 1 | 0 |
_aSpeaking truth to power: selected Pan-African postcards _cby Tajudeen Abdul-Raheem and compiled by Ama Biney and Adebayo Olukoshi |
| 260 |
_aCape Town, S.A.: _bPambazuka Press _c2010 |
||
| 300 | _axxiii, 253p. | ||
| 350 | _a0.00 | ||
| 650 | _aPAN-AFRICANISM | ||
| 650 | 0 | _aAFRICA--POLITICS AND GOVERNMENT | |
| 700 | _aBiney, Ama | ||
| 700 | _aOlukoshi, Adebayo | ||
| 710 | _aCouncil for the Development of Social Science Research in Africa (CODESRIA) | ||
| 995 |
_FCBU-MAIN LIBRARY (Kitwe) _I0.00 _M1 _UAVAILABLE _WJan 23, 2014 _ZInternational Publications |
||
| 999 |
_c58055 _d58055 |
||